000 00838nam a22002297a 4500
005 20090922160119.0
008 090922t xxu||||| |||| 00| 0 eng d
010 _aB-358141
020 _a8183411126
_c100.00 (app.)
035 _aB-358141
037 _bDBAD / PUB
040 _adpl
_bEnglish
082 _aN
100 _aVerne, Jules
245 _aAround the world in eight days:
_cby Jules Verne
_band five weeks in a balloon /
260 _aDelhi
_bRohan Book Company
_c2004
270 _aG-22, Indraprastha Apptt. Patpar Ganj, Plot No. 114,
_bDelhi
_e110092
300 _a408p.
_bill.
_c20cm(Hb)
490 _aClassic library
942 _2ddc
_cCH
_hN
_mVER
999 _c30589
_d30589